Catálogo de construcciones religiosas del estado de Yucatán : formado por la Comisión de Inventarios de la Cuarta Zona : 1929-1933 /

La importancia de la arquitectura colonial religiosa de Yucatán radica en la variedad de tipos que presenta y que permiten por sí mismos hacer un estudio de casi la totalidad de los monumentos del virreinato. Este catálogo está ordenado por municipios e incluye una descripción de la construcción, de...

Whakaahuatanga katoa

I tiakina i:
Ngā taipitopito rārangi puna kōrero
Ētahi atu kaituhi: Vega Bolaños, Luis (dir.) Conductor, García Preciat, José (investigación) (investigación), Barrera Vázquez, Alfredo (estudio) (estudio), Rubio Mañé, Jorge Ignacio (notas) (notas), Beteta, Ramón (dirección) (dirección), Fernández, Justino (compilación) (compilación)
Hōputu: Pukapuka
Reo:Pāniora
Ngā marau:
Ngā Tūtohu: Tāpirihia he Tūtohu
Kāore He Tūtohu, Me noho koe te mea tuatahi ki te tūtohu i tēnei pūkete!

MARC

LEADER 00000nam^a2200000^a^4500
001 000187835
005 20250521000000.0
009 20260310102317.472
037 |a Acervo ITESO - Biblioteca 
041 |a ESP 
082 |a 720. 9726503  |b VEG 
100 |a Vega Bolaños, Luis  |e (dir.) 
245 1 0 |a Catálogo de construcciones religiosas del estado de Yucatán :  |b formado por la Comisión de Inventarios de la Cuarta Zona : 1929-1933 /  |c Dir. de L. Vega Bolaños ; pról. de R. Beteta ; comp. de J. Fernández ; investigación de J. García Preciat ; estudio de A. Barrera Vázquez ; notas de J.I. Rubio Mañe. 
264 |a México :  |b Talleres Gráficos de la Nación,  |c 1945 
300 |a 2 v. (884 p., 56 láminas) 
336 |a texto  |b txt  |2 rdacontenido 
337 |a sin mediación  |b n  |2 rdamedio 
338 |a volumen  |b nc  |2 rdasoporte 
520 |a La importancia de la arquitectura colonial religiosa de Yucatán radica en la variedad de tipos que presenta y que permiten por sí mismos hacer un estudio de casi la totalidad de los monumentos del virreinato. Este catálogo está ordenado por municipios e incluye una descripción de la construcción, del culto a que se destina y de sus condiciones materiales. 
649 |a XX 
650 |a Templos Cristianos -  |z Yucatán 
650 |a Templos Cristianos -  |z México 
650 |a Arquitectura Religiosa -  |z Yucatán -  |x Catálogos 
650 |a Arquitectura Religiosa -  |z México -  |x Catálogos 
650 |a Arquitectura Virreinal -  |z Yucatán -  |x Historia y Crítica 
650 |a Arquitectura Mexicana -  |x Catálogos 
650 |a Arquitectura Mexicana -  |x Historia y Crítica 
650 |a Arte Religioso -  |z Yucatán -  |x Historia y Crítica 
650 |a Arte Religioso -  |z México -  |x Historia y Crítica 
650 |a Arte Virreinal -  |x Historia y Crítica 
650 |a Arte Mexicano -  |x Historia y Crítica 
700 |a García Preciat, José  |e (investigación) 
700 |a Barrera Vázquez, Alfredo  |e (estudio) 
700 |a Rubio Mañé, Jorge Ignacio  |e (notas) 
700 |a Beteta, Ramón  |e (dirección) 
700 |a Fernández, Justino  |e (compilación) 
910 |a Fondo Julio de la Peña Lomelín 
920 |a Impresos - Libros 
930 |a Arquitectos Jaliscienses 
905 |a 115 
901 |a 0500130285  |b IT1  |c JAL  |u 20250521 
901 |a 0500130288  |b IT1  |c JAL  |u 20250521 
902 |a https://opac.biblio.iteso.mx/vufind/Record/000187835